Sports Quiz

Random Sports or Hockey Quiz

NHL Top Non-Canadian Goal Scorers Quiz Stats

 Plays Quiz Updated Apr 16, 2018

Challenge
Share
Tweet
Embed
Score 0/20 Timer 05:00
0 Plays Today
Nation Player % Correct
CzechiaJaromír Jágr
97.5%
RussiaAlex Ovechkin
83.7%
FinlandTeemu Selanne
78.8%
USABrett Hull
77.6%
USAMike Modano
69.6%
SwedenMats Sundin
61.1%
FinlandJari Kurri
60.8%
RussiaPavel Bure
58%
RussiaSergei Fedorov
54.3%
SlovakiaMarián Hossa
54.1%
Nation Player % Correct
USAJeremy Roenick
45.9%
RussiaAlexander Mogilny
38%
USAKeith Tkachuk
36.8%
SwedenDaniel Alfredsson
35.7%
SlovakiaPeter Bondra
33.8%
USAJoe Mullen
29.8%
SlovakiaPeter Šťastný
29.4%
RussiaAlexei Kovalev
25.7%
USAPat LaFontaine
24.9%
USABill Guerin
17.1%

You're not logged in!

Compare scores with friends on all Sporcle quizzes.
Join for Free
OR
Log In

You Might Also Like...

Show Comments

Extras

Top Quizzes Today


Score Distribution

Your Account Isn't Verified!

In order to create a playlist on Sporcle, you need to verify the email address you used during registration. Go to your Sporcle Settings to finish the process.

Report this User

Report this user for behavior that violates our Community Guidelines.

Details: